000 00954cad a22002295a 4500
001 E152877
008 110510s2011 xxk f 000 0 eng d
035 _a(Sirsi) u152877
041 0 _aeng
050 0 4 _a690.241 $2 18
110 2 _aHistoric Scotland
_92914
245 0 0 _aINFORM, information for historic building owners
_bearth mortar and earth buildings
_h[electronic resource]
260 _aEdinburgh
_bHistoric Scotland
_c2011
490 0 _aInform
520 _aProvides information on clay mortars and associated repair and maintenance issues. Also discusses other uses of earth as a building material.
521 _aIntroductory
590 _aKA
651 4 _aScotland
_y1999-
690 _aBUILT ENVIRONMENT-BUILDING TYPES-ANCIENT MONUMENTS AND HISTORIC BUILDINGS
856 4 0 _uhttps://www.historic-scotland.gov.uk/publicationsresultsdetail.htm?id=4dc88e3f7
_zView the guide free of charge at www.historic-scotland.gov.uk
942 _n0
999 _c112242
_d112242